| 000 | 00909nam a2200241 a 4500 | ||
|---|---|---|---|
| 001 | 47725 | ||
| 003 | BD-RjUL | ||
| 005 | 20211209054358.0 | ||
| 008 | 160810s1988 bg ||||| |||| 00| 0 ben d | ||
| 020 | _c :Tk.85.00 | ||
| 035 | _a(BD-RjUL)47844) | ||
| 040 |
_aBD-RjUL _bben _cBD-RjUL |
||
| 041 | _aben | ||
| 082 |
_223 _a371.71 _bCHS 1988 |
||
| 100 |
_aচৌধুরী, মঞ্জুশ্রী _9135334 |
||
| 245 |
_aশিক্ষায় মানসিক স্বাস্থ্যবিজ্ঞান / _cমঞ্জুশ্রী চৌধুরী |
||
| 260 |
_aঢাকা : _bবাংলা একাডেমী, _c১৯৮৮ |
||
| 300 |
_a[১৪],৩৫৬পৃ.; _c২১ সেমি. |
||
| 504 | _aগ্রন্থপঞ্জি সংযুক্ত | ||
| 650 |
_aমানসিক সাস্থ্য _9144961 |
||
| 650 |
_aMental health _9144962 |
||
| 942 |
_2ddc _cBK |
||
| 999 |
_c47725 _d47725 |
||